• 首页
  • 本馆介绍
  • 公告通知
  • 最新文献
  • 馆藏检索
  • 电子资源
  • 读者导购
  • 参考咨询
  • 我的图书馆
  • 登录
  • 详细信息显示
  • 放入我的书架
  • 预约/预借图书
  • 作者相关作品
  • 分类相关作品
  • 丛书相关作品
  • 出版社相关作品

书目信息

  • 表格格式
  • 工作单格式
  • 卡片格式
题名:
中国名人未解之谜
    
 
作者: 沈岳明 , 李敬秋 主编
分册:  
出版信息: 哈尔滨   哈尔滨出版社  2011.08
页数: 239页
开本: 24cm
丛书名:
单 册:
中图分类: K820.2
科图分类:
主题词: 名人--生平事迹--中国--古代--通俗读物 , 名人
电子资源:
ISBN: 978-7-5484-0666-2
000 00840nam0 2200253 450
001 010050019001
005 20120419161942.35
010    @a978-7-5484-0666-2@dCNY24.80
100    @a20110921d2011 em y0chiy50 ea
101 0  @achi
102    @aCN@b230000
105    @aa z 000yy
106    @ar
200 1  @a中国名人未解之谜@9zhong guo ming ren wei jie zhi mi@f沈岳明,李敬秋主编
210    @a哈尔滨@c哈尔滨出版社@d2011.08
215    @a239页@c图@d24cm
330    @a本书分帝王宫廷篇、文臣武将篇、文化名人篇、社会名流篇,内容包括:越王勾践是不是真的“卧薪尝胆”了、秦始皇的死亡之谜等。
606 0  @a名人@x生平事迹@y中国@z古代@j通俗读物
606 0  @a名人
690    @aK820.2@v4
701  0 @a沈岳明@9shen yue ming@4主编
701  0 @a李敬秋@9li jing qiu@4主编
801  0 @aCN@bRENTIAN@c20110921
905    @b537971-75@dK820.2@e123@f5
    
    中国名人未解之谜/沈岳明,李敬秋主编.-哈尔滨:哈尔滨出版社,2011.08
    239页:图;24cm
    
    
    ISBN 978-7-5484-0666-2:CNY24.80
    本书分帝王宫廷篇、文臣武将篇、文化名人篇、社会名流篇,内容包括:越王勾践是不是真的“卧薪尝胆”了、秦始皇的死亡之谜等。
●
相关链接 在E读中查询图书 在五车中查询图书 在当当中查询图书 在豆瓣中查询图书


正题名:中国名人未解之谜     索取号:K820.2/123         预约/预借

序号 登录号 条形码 馆藏地/架位号 状态 备注
1 537971   205379712   第二样本阅览室/ [索取号:K820.2/123] 在馆    
2 537972   205379721   第二借阅区/ [索取号:K820.2/123] 在馆    
3 537973   205379730   第二借阅区/ [索取号:K820.2/123] 在馆    
4 537974   205379749   第二借阅区/ [索取号:K820.2/123] 在馆    
5 537975   205379758   第二借阅区/ [索取号:K820.2/123] 在馆    
唐山师范学院图书馆 欢迎您!
大连网信软件有限公司© 版权所有